[Event "Olympiad Women 2024"]
[Site "Budapest HUN"]
[Date "2024.09.18"]
[Round "7.49"]
[Board "1"]
[White "Clarke, Adani"]
[Black "Fawaz, Nadia"]
[Result "1/2-1/2"]
[WhiteElo "1919"]
[BlackElo "1747"]
[PlyCount "127"]
[EventDate "2024.09.11"]
[WhiteTeam "Jamaica"]
[BlackTeam "Lebanon"]
[WhiteTeamCountry "JAM"]
[BlackTeamCountry "LBN"]

1. d4 d5 2. c4 e6 3. Nf3 Nf6 4. Bg5 Be7 5. Nc3 h6 6. Bh4 c6 7. e3 O-O 8. Bd3 Nbd7 9. O-O a5 10. Rc1 dxc4 11. Bxc4 b5 12. Bd3 Bb7 13. Qe2 $146 ({RR} 13. Bxf6 Nxf6 14. Ne4 Nd7 15. Nc5 Nxc5 16. dxc5 Bf6 17. Nd4 b4 18. Be4 Qc7 19. Qf3 Bxd4 20. exd4 Rfd8 21. Rcd1 Rac8 22. h4 Ba6 23. Rfe1 Bc4 24. Bb1 Bd5 25. Qd3 f5 26. Re5 Rf8 27. Qe3 Rf6 {0-1 Albornoz Cabrera,C (2583)-Maghsoodloo,P (2726) Titled Tue 21st Mar Late 2023 (4)}) 13... Nd5 14. Bxe7 Qxe7 15. Ne4 e5 16. dxe5 Nxe5 17. Nxe5 Qxe5 18. Nc5 Bc8 19. Be4 Re8 20. Rfd1 Ne7 21. Bf3 Be6 22. Nxe6 Qxe6 23. a3 Rac8 24. Rc5 Rc7 25. Rdc1 Rec8 26. Qd2 Qb3 27. Bd1 Qe6 28. Qxa5 Rd7 29. Bf3 Nd5 30. Bxd5 Rxd5 31. Qc3 Qd6 32. Rxd5 Qxd5 33. Qc5 Qxc5 34. Rxc5 Kf8 35. Kf1 Ke7 36. Ke2 Kd6 37. Rc2 c5 38. Rd2+ Ke6 39. e4 b4 40. Rc2 bxa3 41. bxa3 Ra8 42. Rc3 Ra4 43. Ke3 Kd6 44. Kf4 c4 45. Ke3 Kc5 46. f4 Ra6 47. g4 Rb6 48. h4 Rb1 49. e5 Kd5 50. a4 Ra1 51. Rc2 Ra3+ 52. Ke2 Rxa4 53. Rd2+ Ke6 54. Rd6+ Ke7 55. Rc6 Kd7 56. Rc5 Ra2+ 57. Ke3 Rh2 58. h5 Rh3+ 59. Ke4 c3 60. Kf5 Rf3 61. Rc4 Rh3 62. Ke4 Rg3 63. Kf5 Rh3 64. Ke4 1/2-1/2

[Event "Olympiad Women 2024"]
[Site "Budapest HUN"]
[Date "2024.09.18"]
[Round "7.49"]
[Board "2"]
[White "Attieh, Skye"]
[Black "Miller, Rachel"]
[Result "1-0"]
[WhiteElo "1675"]
[BlackElo "1912"]
[PlyCount "117"]
[EventDate "2024.09.11"]
[WhiteTeam "Lebanon"]
[BlackTeam "Jamaica"]
[WhiteTeamCountry "LBN"]
[BlackTeamCountry "JAM"]

1. e4 e5 2. Nf3 Nc6 3. Bc4 Bc5 4. c3 Nf6 5. d3 d6 6. Nbd2 a5 7. a4 ({RR} 7. O-O O-O 8. h3 h6 9. Re1 Bb6 10. Nf1 Be6 11. Bb5 Ne7 12. Ng3 Nd7 13. d4 f5 14. exf5 Nxf5 15. Nxf5 Rxf5 16. Bd3 Rf8 17. Be3 Bd5 18. Nh2 exd4 19. cxd4 Nf6 20. Ng4 Qd7 21. Bg6 Be6 {½-½ So,W (2767)-Nakamura,H (2745) chess.com Speed blitz 2019 (4.14)}) 7... O-O 8. Bb3 Be6 9. h3 Bxb3 $146 ({RR} 9... Re8 10. Bc2 Ba7 11. Nf1 Ne7 12. Ng3 Ng6 13. O-O d5 14. Ng5 Bc8 15. exd5 Nxd5 16. Nf3 Ndf4 17. Be3 Qf6 18. d4 exd4 19. Nxd4 Nd5 20. Bb3 Ndf4 21. Nh5 Nxh5 22. Qxh5 Bb6 23. Rad1 Bxd4 24. Bxd4 {½-½ Hajnal,Z (2383)-Goktepe,D (2187) 1000GM Winter IM 2 2024 (4.3)}) 10. Nxb3 Ba7 11. O-O d5 12. Qe2 Nh5 13. Kh1 dxe4 14. dxe4 Qf6 15. Bg5 Qg6 16. Rad1 h6 17. Bc1 Qe6 18. Rd5 f5 19. Nc5 Qf7 20. Nxe5 Nxe5 21. Rxe5 Rae8 22. Rxe8 Rxe8 23. Nxb7 fxe4 24. Be3 Rf8 25. Kh2 Bb6 26. Bxb6 cxb6 27. Qxe4 Qc7+ 28. Kg1 Rf7 29. Qd5 Nf4 30. Qd8+ Qxd8 31. Nxd8 Rf6 32. Rd1 Kf8 33. Kf1 Ke7 34. Nb7 Ng6 35. b4 axb4 36. cxb4 Ne5 37. a5 bxa5 38. Re1 Rb6 39. Nxa5 Re6 40. Rxe5 Rxe5 41. Nc6+ Kd6 42. Nxe5 Kxe5 43. Ke2 Kd4 44. Kf3 Kc4 45. Kf4 Kxb4 46. Kf5 Kc3 47. Kg6 Kd2 48. Kxg7 Ke2 49. Kxh6 Kxf2 50. g4 Kg3 51. g5 Kxh3 52. g6 Kh2 53. g7 Kg1 54. g8=Q+ Kh1 55. Kh5 Kh2 56. Kh4 Kh1 57. Qa2 Kg1 58. Kg3 Kh1 59. Qh2# 1-0

[Event "Olympiad Women 2024"]
[Site "Budapest HUN"]
[Date "2024.09.18"]
[Round "7.49"]
[Board "3"]
[White "Brown, Raehanna"]
[Black "Al Asmar, Remy"]
[Result "1/2-1/2"]
[WhiteElo "1910"]
[BlackElo "1661"]
[PlyCount "73"]
[EventDate "2024.09.11"]
[WhiteTeam "Jamaica"]
[BlackTeam "Lebanon"]
[WhiteTeamCountry "JAM"]
[BlackTeamCountry "LBN"]

1. c4 c6 2. e4 d5 3. exd5 cxd5 4. cxd5 Nf6 5. Nc3 Nxd5 6. Nf3 Nc6 7. d4 g6 8. Bc4 Nb6 9. Bb3 Bg7 10. Be3 O-O 11. h3 Na5 12. O-O Nxb3 13. axb3 ({RR} 13. Qxb3 Be6 14. Qc2 Rc8 15. Rfe1 a6 16. Qc1 Nc4 17. Re2 Re8 18. d5 Bxd5 19. Nxd5 Qxd5 20. Bh6 Nxb2 21. Qf4 Nd3 22. Qh4 Bxa1 23. Ng5 Rc4 24. g4 Rc1+ 25. Kh2 Be5+ {0-1 Rangel,D (2198)-Yuan,Q (2360) Titled Tue 20th Aug Early 2024 (3)}) 13... Nd5 14. Qd2 b6 $146 ({RR} 14... Nxe3 15. fxe3 Be6 16. Ra3 h6 17. e4 b5 18. Nxb5 Qb6 19. Qa5 Qxa5 20. Rxa5 Bxb3 21. Nxa7 Bc4 22. Rfa1 Rfb8 23. Nc6 Rxa5 24. Rxa5 Rxb2 25. Nxe7+ Kh7 26. Nd5 Be2 27. e5 Bxf3 28. gxf3 Rd2 29. Ra4 {0-1 Lilley,G (2224)-Collins,S (2172) BCF-ch 87th Millfield 2000 (11)}) 15. Bh6 Bb7 16. Bxg7 Kxg7 17. Rfe1 a6 18. Qe2 e6 19. Qe5+ Qf6 20. Ne4 Qxe5 21. dxe5 Nb4 22. Ra4 a5 23. Re2 Bxe4 24. Rxe4 Rfd8 25. Ra1 Rab8 26. Rc1 Rb7 27. Rec4 h6 28. Rc8 Rxc8 29. Rxc8 Rd7 30. Rb8 Rd1+ 31. Kh2 Nd5 32. Rb7 Rd3 33. h4 Kf8 34. Rb8+ Kg7 35. Rb7 Kf8 36. Rb8+ Kg7 37. Rb7 1/2-1/2

[Event "Olympiad Women 2024"]
[Site "Budapest HUN"]
[Date "2024.09.18"]
[Round "7.49"]
[Board "4"]
[White "Darweeche, Roaa"]
[Black "Watson, Gabriella"]
[Result "0-1"]
[WhiteElo "1557"]
[BlackElo "1826"]
[PlyCount "66"]
[EventDate "2024.09.11"]
[WhiteTeam "Lebanon"]
[BlackTeam "Jamaica"]
[WhiteTeamCountry "LBN"]
[BlackTeamCountry "JAM"]

1. Nf3 d5 2. c4 c6 3. d4 Nf6 4. Nc3 dxc4 5. e3 Bf5 6. Bxc4 e6 7. a3 Nbd7 8. O-O Bd6 $146 ({RR} 8... Be7 9. Re1 O-O 10. e4 Bg6 11. Bf4 c5 12. d5 exd5 13. exd5 Nb6 14. d6 Bxd6 15. Bxd6 Nxc4 16. Bxf8 Qxf8 17. Qe2 Nb6 18. Qb5 Rc8 19. Rad1 Bh5 20. Rd3 c4 21. Rde3 Bxf3 22. gxf3 h6 23. Qe5 {1-0 Ferreira Junior,L (2052)-Donda,J (1706) Titled Tue 27th Feb Late 2024 (10)}) 9. h3 Qc7 10. b4 O-O 11. Nh4 Bg6 12. Nxg6 hxg6 13. Bd2 e5 14. Qb3 exd4 15. exd4 Rad8 16. Be3 Nb6 17. Bd3 Nbd5 18. Nxd5 Nxd5 19. Bg5 Be7 20. Be3 Bf6 21. Rac1 Rfe8 22. Bb1 Nxe3 23. fxe3 Rxe3 24. Qa2 Bxd4 25. Kh1 Re6 26. Rcd1 Kh7 27. Qc4 Bf6 28. Bd3 Re3 29. Bb1 Rxd1 30. Rxd1 Qg3 31. Qf1 Be5 32. Qg1 Bf4 33. a4 Qh4 0-1

[Event "Olympiad Women 2024"]
[Site "Budapest HUN"]
[Date "2024.09.18"]
[Round "7.50"]
[Board "1"]
[White "Castillo Beitia, Ashley Alexandra"]
[Black "Lieketseng, Ngatane"]
[Result "1-0"]
[WhiteElo "2071"]
[BlackElo "1651"]
[PlyCount "111"]
[EventDate "2024.09.11"]
[WhiteTeam "Panama"]
[BlackTeam "Lesotho"]
[WhiteTeamCountry "PAN"]
[BlackTeamCountry "LES"]

1. d4 d5 2. c4 e6 3. Nc3 Nf6 4. cxd5 exd5 5. Bg5 Be7 6. e3 c6 7. Bd3 Be6 8. Nge2 Nh5 9. Bxe7 Qxe7 10. Ng3 ({RR} 10. Qc2 g6 11. O-O O-O 12. f3 Nd7 13. e4 Rac8 14. Kh1 Nb6 15. Rae1 Qd7 16. b4 f5 17. exf5 Bxf5 18. Bxf5 Qxf5 19. Qxf5 gxf5 20. Nc1 Rce8 21. Nd3 Nc4 22. Nc5 Ne3 23. Rf2 Nc2 24. Rd1 Nxb4 {½-½ Butenandt,S (2121)-Fudala,D (1764) exe Slovakia Open 2024 (1.50)}) 10... Nf6 11. O-O O-O $146 ({RR} 11... Nbd7 12. Rc1 O-O 13. f3 Rfe8 14. Qd2 h6 15. Bb1 Nf8 16. Na4 N6d7 17. e4 dxe4 18. fxe4 Rad8 19. Qf2 Qg5 20. Nc5 Nxc5 21. Rxc5 Qe7 22. Nf5 Bxf5 23. Rxf5 Rd7 24. Bc2 Ne6 25. Bb3 Rf8 26. d5 {1-0 Vestjord,H (1743)-Mikalsen,B (1775) Tromsoe NGP op 2020 (4)}) 12. Re1 Re8 13. Qc2 Nbd7 14. Rad1 Rad8 15. f3 Nf8 16. Qa4 a6 17. Qa5 Bc8 18. Na4 N6d7 19. e4 dxe4 20. fxe4 Qf6 21. e5 Qf4 22. Kh1 Ne6 23. Rf1 Qg5 24. Ne4 Qe7 25. Nd6 Rf8 26. Bc4 Kh8 27. Nxf7+ Rxf7 28. Rxf7 Qxf7 29. Qxd8+ Nxd8 30. Bxf7 Nxf7 31. e6 Kg8 32. exd7 Bxd7 33. Nc5 Bc8 34. d5 cxd5 35. Rxd5 Kf8 36. Kg1 Ke7 37. Kf2 b6 38. Na4 b5 39. Nc5 g6 40. Kg3 g5 41. Rd3 h5 42. Ra3 Nd6 43. b3 Nf5+ 44. Kf2 Nd4 45. Nxa6 Kd6 46. Nb4 Bb7 47. Nd3 Kc7 48. b4 Kd6 49. Nc5 Bc8 50. Ne4+ Ke5 51. Nxg5 Nc2 52. Nf3+ Kf4 53. Rc3 Bf5 54. Rc5 Nxb4 55. g3+ Ke4 56. Re5+ 1-0

[Event "Olympiad Women 2024"]
[Site "Budapest HUN"]
[Date "2024.09.18"]
[Round "7.50"]
[Board "2"]
[White "Ntsielo, Bonolo"]
[Black "Vasquez Jaen, Lourdes Lorena"]
[Result "1-0"]
[WhiteElo "1757"]
[BlackElo "1821"]
[PlyCount "135"]
[EventDate "2024.09.11"]
[WhiteTeam "Lesotho"]
[BlackTeam "Panama"]
[WhiteTeamCountry "LES"]
[BlackTeamCountry "PAN"]

1. Nf3 g6 2. d3 d5 3. g3 Bg7 4. Bg2 e5 5. Nbd2 Ne7 6. e4 O-O 7. O-O Nbc6 8. Re1 d4 ({RR} 8... h6 9. c3 a5 10. a4 Be6 11. exd5 Bxd5 12. Nf1 Qd7 13. Ne3 Be6 14. Nc4 f6 15. Na3 Rad8 16. d4 exd4 17. Nxd4 Nxd4 18. Qxd4 Nd5 19. c4 Nb4 20. Qxd7 Bxd7 21. Bxb7 g5 22. Bf3 f5 23. Rb1 {0-1 Amin,B (2662)-Najer,E (2679) Wch Blitz Doha 2016 (8)}) 9. a4 h6 10. Nc4 Be6 11. Ncd2 $146 ({RR} 11. b3 a6 12. Bd2 b5 13. axb5 axb5 14. Na5 Nxa5 15. Rxa5 Rxa5 16. Bxa5 Qd6 17. Qd2 c5 18. b4 Nc6 19. Rb1 Ra8 20. bxc5 Qxc5 21. Bb4 Nxb4 22. Qxb4 Qxb4 23. Rxb4 Ra1+ 24. Bf1 Bg4 25. Nd2 Rd1 {0-1 Krumova,A (1961)-Visanescu,D (1976) EU-chT U18 Girls 2011 (5.2)}) ({RR} 11. b3 a6 12. a5 b5 13. axb6 cxb6 14. Bd2 Qc7 15. h4 b5 16. Na5 Rfc8 17. Ra2 Qd6 18. Qc1 Kh7 19. Re2 Bg4 20. Re1 Bf8 21. Nh2 Bd7 22. Nb7 Qc7 23. Nc5 Nb8 24. Nxd7 Nxd7 25. f4 exf4 {1-0 Venkatesh,M (2382)-Kushko,D (2445) Titled Tue 16th Apr Early 2024 (2)}) ({RR} 11. b3 Qd7 12. Ba3 b6 13. Nh4 Bg4 14. f3 Bh3 15. f4 Bxg2 16. Kxg2 Rfe8 17. Rf1 exf4 18. gxf4 Kh7 19. f5 gxf5 20. Nxf5 Nxf5 21. Rxf5 f6 22. Qh5 Ne5 23. Nxe5 Rxe5 24. Raf1 Rae8 25. Bc1 Rxf5 {½-½ Fiedler,W (1999)-Muenster,E (2075) Landesliga Nord 9596 1995}) ({RR} 11. b3 a6 12. Bd2 Qd7 13. Qc1 Kh7 14. Qa3 b6 15. b4 b5 16. axb5 axb5 17. Na5 Ra6 18. Reb1 Bg4 19. Qb3 Rfa8 20. Qb2 Nxa5 21. Rxa5 Rxa5 22. bxa5 c6 23. Qb4 Nc8 24. Qc5 Qd6 25. Qb4 Bd7 {0-1 Haitovich,A (1979)-Efroimski,M (2301) ISR-ch (Women) 2018 (9)}) 11... Kh7 12. Nh4 g5 13. Nhf3 Ng6 14. Nf1 Qe7 15. b3 Rac8 16. Qd2 Nb4 17. h3 c5 18. Bb2 Rfd8 19. a5 b5 20. axb6 axb6 21. Qe2 b5 22. Ra5 Qd7 23. Kh2 c4 24. bxc4 bxc4 25. Ba3 cxd3 26. cxd3 Bf8 27. Rc1 Rxc1 28. Bxc1 Rc8 29. Bd2 Qc7 30. Rb5 Na2 31. Qe1 Nc3 32. Bxc3 dxc3 33. Qc1 c2 34. Ne3 Ba3 35. Qxc2 Qxc2 36. Nxc2 Rxc2 37. Nxe5 Nxe5 38. Rxe5 Bb2 39. Rb5 Rxf2 40. Kg1 Rd2 41. e5 Bd4+ 42. Kh2 Rxd3 43. Be4+ Kg7 44. Bxd3 Be3 45. Kg2 Bd7 46. Rb1 Bc6+ 47. Kf1 Bd4 48. Re1 Bd5 49. g4 Bc3 50. Rc1 Bd2 51. Rc5 Be6 52. Bc4 Bxc4+ 53. Rxc4 Bf4 54. Rc5 h5 55. Ke2 hxg4 56. hxg4 Kf8 57. Kf3 Ke7 58. Ke4 Bd2 59. Kf5 Be3 60. Rc7+ Ke8 61. Kf6 Bf4 62. Rb7 Bg3 63. Rb8+ Kd7 64. Rf8 Bf4 65. Rxf7+ Ke8 66. e6 Bd2 67. Rb7 Bc3+ 68. Kxg5 1-0

[Event "Olympiad Women 2024"]
[Site "Budapest HUN"]
[Date "2024.09.18"]
[Round "7.50"]
[Board "3"]
[White "Caicedo Rios, Layla Yasmira"]
[Black "lintle molise"]
[Result "1/2-1/2"]
[WhiteElo "1803"]
[BlackElo "1583"]
[PlyCount "85"]
[EventDate "2024.09.11"]
[WhiteTeam "Panama"]
[BlackTeam "Lesotho"]
[WhiteTeamCountry "PAN"]
[BlackTeamCountry "LES"]

1. e4 d6 2. d4 e5 3. dxe5 dxe5 4. Qxd8+ Kxd8 5. Nf3 Bd6 6. Bc4 Ke7 7. Nc3 c6 8. Be3 Be6 9. Bxe6 Kxe6 $146 ({RR} 9... fxe6 10. O-O-O Nf6 11. Rd3 Nbd7 12. Rhd1 Bc7 13. Na4 b6 14. c4 Rad8 15. Nc3 a6 16. Ne1 b5 17. cxb5 axb5 18. f3 Rc8 19. Nc2 Rhd8 20. Kb1 Ba5 21. a3 Rb8 22. Nb4 Bxb4 23. axb4 Ne8 24. Ne2 {½-½ Balvanyos,I (2140)-Sandor,J (2195) HUN-chT2 9899 1998}) 10. O-O-O h6 11. Rd3 Nf6 12. Rhd1 Bc7 13. h3 Nbd7 14. Nd2 Rhd8 15. Nc4 Nb6 16. Nxb6 Bxb6 17. Rxd8 Bxd8 18. Bc5 Bc7 19. Rd3 b6 20. Be3 Rd8 21. Kd2 Rxd3+ 22. Kxd3 Nd7 23. b4 a6 24. a4 b5 25. axb5 axb5 26. Nb1 Bb6 27. Bxb6 Nxb6 28. Na3 f5 29. exf5+ Kxf5 30. c4 bxc4+ 31. Nxc4 Nd5 32. Ne3+ Nxe3 33. Kxe3 h5 34. g3 g6 35. f3 g5 36. g4+ hxg4 37. hxg4+ Kf6 38. Kd3 Ke6 39. Ke4 Kf6 40. Kd3 Ke6 41. Ke4 Kf6 42. Kd3 Ke6 43. Ke4 1/2-1/2

[Event "Olympiad Women 2024"]
[Site "Budapest HUN"]
[Date "2024.09.18"]
[Round "7.50"]
[Board "4"]
[White "Thetsane, Nteboheleng"]
[Black "Carrillo Marval, Maria Angelica"]
[Result "0-1"]
[WhiteElo "1645"]
[BlackElo "1795"]
[PlyCount "87"]
[EventDate "2024.09.11"]
[WhiteTeam "Lesotho"]
[BlackTeam "Panama"]
[WhiteTeamCountry "LES"]
[BlackTeamCountry "PAN"]

1. e4 c5 2. Nf3 d6 3. d4 cxd4 4. Nxd4 Nf6 5. Nc3 g6 6. Be3 Bg7 7. f3 O-O 8. Bc4 Nc6 9. Qd2 Nxd4 10. Bxd4 Be6 11. Be2 ({RR} 11. Nd5 Bxd5 12. exd5 Nd7 13. Bxg7 Kxg7 14. h4 Qc8 15. Be2 Nf6 16. h5 e5 17. O-O-O Qc7 18. Bd3 Qc5 19. g4 Rh8 20. Kb1 Qxd5 21. h6+ Kf8 22. f4 Re8 23. fxe5 Rxe5 24. Rhf1 Ne4 25. Qb4 a5 {1-0 Fedorchuk,S (2634)-Socko,B (2635) POL-UKR m 4th 2012 (1)}) 11... a6 ({RR} 11... Qa5 12. h4 a6 13. g4 Rfc8 14. h5 Qc7 15. O-O-O b5 16. Kb1 Rab8 17. Rdg1 Bc4 18. f4 b4 19. Nd5 Bxd5 20. exd5 Nxd5 21. Bxg7 Nc3+ 22. Ka1 Nxe2 23. hxg6 fxg6 24. Qd5+ Kxg7 25. Rxh7+ Kxh7 26. Qf7+ {1-0 Travkina,A (2202)-Castillo Beitia,A (1929) Swiss Queens Wed #1 2024 (4.34)}) 12. O-O-O $146 ({RR} 12. O-O Rc8 13. Kh1 Ne8 14. Bxg7 Nxg7 15. Nd5 Bxd5 16. exd5 Qc7 17. c4 e5 18. dxe6 fxe6 19. Rfe1 Rcd8 20. Rac1 e5 21. Qd5+ Kh8 22. Bd3 Ne8 23. Be4 b6 24. Qd2 Nf6 25. Bd5 a5 26. a3 Rd7 {½-½ Atrens,E (1463)-Howard,G (1498) Pennant-chT Adelaide 2009 (5.4)}) ({RR} 12. h4 b5 13. a3 Bc4 14. Bxc4 bxc4 15. h5 Rb8 16. O-O-O Qc7 17. Rdg1 Qb7 18. Nd1 Rfc8 19. c3 Qb3 20. hxg6 hxg6 21. Rh3 Kf8 22. Rgh1 Ke8 23. e5 Nh5 24. exd6 Qb5 25. Bxg7 Nxg7 26. d7+ {1-0 Barthel-Kindt,M Sas van Gent ECI op U20 1988 (6)}) ({RR} 12. g4 Qc7 13. h4 h5 14. Bxf6 Bxf6 15. gxh5 d5 16. O-O-O dxe4 17. Nxe4 Be5 18. Kb1 Rfd8 19. Bd3 Bf4 20. Qg2 Qa5 21. a3 Qxh5 22. Ng5 Bd5 23. Rdg1 Rd6 24. Bf5 gxf5 25. Ne6+ Qg6 26. Nxf4 Qxg2 {1-0 Kiruba,H (1904)-Havaskori,L (2068) Budapest FS06 FM-B 2005 (2)}) 12... Qa5 13. Kb1 Rfc8 14. Nd5 Qxd2 15. Rxd2 Nxd5 16. exd5 Bh6 17. Rdd1 Bxd5 18. Rhe1 e6 19. Bf6 Bg7 20. Be7 Bf8 21. Bf6 Bc4 22. b3 Bxe2 23. Rxe2 b5 24. g4 d5 25. h4 Bg7 26. Be7 Rc3 27. Rf2 a5 28. h5 a4 29. Bb4 axb3 30. cxb3 Rxb3+ 31. axb3 Ra1+ 32. Kc2 Ra2+ 33. Kd3 Rxf2 34. Rc1 h6 35. Rc8+ Kh7 36. Rc7 Rxf3+ 37. Ke2 Be5 38. Rd7 Rf4 39. Bc5 Kg7 40. Rd8 Rxg4 41. Bf8+ Kf6 42. hxg6 Kxg6 43. Be7 h5 44. Ke3 0-1

[Event "Olympiad Women 2024"]
[Site "Budapest HUN"]
[Date "2024.09.18"]
[Round "7.51"]
[Board "1"]
[White "Sulyok, Eszter"]
[Black "Mongeli, Sasha"]
[Result "1-0"]
[WhiteElo "2080"]
[BlackElo "1819"]
[PlyCount "135"]
[EventDate "2024.09.11"]
[WhiteTeam "Hungary C"]
[BlackTeam "Kenya"]
[BlackTeamCountry "KEN"]

1. Nf3 Nf6 2. g3 b6 3. Bg2 Bb7 4. O-O g6 5. b3 Bg7 6. Bb2 O-O 7. c4 c5 8. Na3 Nc6 9. d4 Nxd4 10. Nxd4 Bxg2 11. Kxg2 cxd4 12. Bxd4 d5 13. Rc1 $146 ({RR} 13. f3 e5 14. Bb2 d4 15. Qd2 Qd7 16. Rfd1 Rad8 17. Rac1 Qc6 18. Nc2 Rd7 19. Nb4 Qb7 20. c5 bxc5 21. Nd3 Re7 22. Nxc5 Qa8 23. e4 dxe3 24. Qxe3 e4 25. Kg1 Nd5 26. Qd2 Bxb2 27. Qxb2 exf3 {0-1 Incecik,S (1804)-Kargaci,H (1737) TUR-chT Kocaeli 2017 (8.3)}) 13... dxc4 14. Nxc4 Qd5+ 15. f3 Rfd8 16. Bf2 Qxd1 17. Rfxd1 Ne8 18. e4 Rac8 19. a4 Bh6 20. f4 g5 21. Kf3 f6 22. Ne3 gxf4 23. gxf4 Nd6 24. Nd5 Kf7 25. Bh4 Rxc1 26. Rxc1 Rc8 27. Rxc8 Nxc8 28. e5 f5 29. b4 Bf8 30. Be1 h6 31. b5 e6 32. Nf6 Be7 33. Nd7 Ke8 34. Nb8 Kd8 35. Nc6+ Kd7 36. Bb4 Bxb4 37. Nxb4 Ne7 38. Ke3 Kc7 39. Kd4 Kd7 40. Kc4 Kc7 41. Kd3 Kd7 42. Ke3 Kc7 43. Kf3 Kd7 44. Kg3 Kc7 45. Kh4 Ng6+ 46. Kh5 Nxf4+ 47. Kxh6 Nh3 48. Kh5 Nf4+ 49. Kg5 Nh3+ 50. Kh4 Nf4 51. Kg3 Ng6 52. Nd3 Kd7 53. h4 Ke8 54. h5 Ne7 55. Nb4 Kf7 56. Kf4 Kg7 57. Kg5 Kh7 58. Kf6 Ng8+ 59. Kxe6 f4 60. Nd3 f3 61. Kf7 Nh6+ 62. Kf8 Ng4 63. e6 Ne5 64. Nf2 Kh6 65. e7 Nd7+ 66. Kg8 Nf6+ 67. Kf7 Kg5 68. h6 1-0

[Event "Olympiad Women 2024"]
[Site "Budapest HUN"]
[Date "2024.09.18"]
[Round "7.51"]
[Board "2"]
[White "Ndirangu, Nyaruai"]
[Black "Toth, Lili"]
[Result "0-1"]
[WhiteElo "1782"]
[BlackElo "2105"]
[PlyCount "124"]
[EventDate "2024.09.11"]
[WhiteTeam "Kenya"]
[BlackTeam "Hungary C"]
[WhiteTeamCountry "KEN"]

1. d4 Nf6 2. Nf3 d5 3. Bf4 e6 4. e3 c5 5. c3 Nc6 6. Nbd2 cxd4 7. exd4 Nh5 8. Bg3 Nxg3 9. hxg3 g6 10. Bb5 ({RR} 10. Bd3 Bg7 11. O-O O-O 12. Re1 h5 13. Qe2 Bd7 14. Ne5 Nxe5 15. dxe5 b5 16. Nf3 Rb8 17. a3 a5 18. b4 Qc7 19. Rac1 Rfc8 20. Nd4 Qb6 21. Qe3 Rc7 22. Nb3 Qxe3 23. Rxe3 Bh6 24. f4 h4 {0-1 Kamsky,G (2662)-Sadhwani,R (2609) Speed Chess GP3 blitz 2021 (6)}) 10... Qb6 ({RR} 10... Bd7 11. Qe2 f6 12. g4 Bd6 13. Qe3 g5 14. Rh6 Qa5 15. Bxc6 bxc6 16. Rxf6 Bf4 17. Rxe6+ Bxe6 18. Qxe6+ Kf8 19. Qf6+ Kg8 20. Nxg5 Re8+ 21. Kd1 Qc7 22. Ne6 Qd7 23. Nxf4 Qxg4+ 24. Nf3 Re4 25. Qd8+ {½-½ Carre,S (2090)-Panda,S (2404) Titled Tue 9th Jan Early 2024 (3)}) 11. Qe2 Bg7 12. Nb3 O-O $146 ({RR} 12... a6 13. Bxc6+ Qxc6 14. g4 Qb5 15. Qxb5+ axb5 16. g5 h6 17. gxh6 Rxh6 18. Rxh6 Bxh6 19. Ne5 b6 20. a3 g5 21. Kd2 f6 22. Rh1 Bg7 23. Nd3 Kf7 24. f3 Bb7 25. g4 e5 26. Nf2 Kg6 27. Nd1 {½-½ Fenil,S (2267)-Rizouk,A (2472) Barcelona Sant Marti op-A 19th 2017 (8)}) 13. Bd3 e5 14. dxe5 Bg4 15. O-O-O Nxe5 16. Nbd4 Rac8 17. Qd2 Nxf3 18. Nxf3 d4 19. c4 Qf6 20. Qf4 Qxf4+ 21. gxf4 b5 22. b3 Rfe8 23. Kb1 b4 24. Rde1 Bxf3 25. gxf3 f5 26. Reg1 Rc5 27. Rg5 Bf6 28. Rg2 Re7 29. Kb2 Rg7 30. a3 bxa3+ 31. Kxa3 Ra5+ 32. Kb2 Rb7 33. Rb1 Be7 34. Rgg1 Bb4 35. Kc1 Bc3 36. Kd1 Kf7 37. Rh1 h5 38. Ke2 Ra2+ 39. Kf1 Rd2 40. Bxf5 gxf5 41. Rxh5 Kg6 42. Rg5+ Kf6 43. Kg2 Rg7 44. c5 Rxg5+ 45. fxg5+ Kxg5 46. b4 d3 47. c6 Bd4 48. c7 Rxf2+ 49. Kh1 Rc2 50. Rd1 Rxc7 51. Rxd3 Bb6 52. Kg2 Kf4 53. Rd5 Rc2+ 54. Kh3 Rf2 55. b5 Rxf3+ 56. Kg2 Rb3 57. Kh2 Ke4 58. Rd7 Rxb5 59. Re7+ Kf3 60. Rg7 f4 61. Rh7 Rb2+ 62. Kh1 Rb1+ 0-1

[Event "Olympiad Women 2024"]
[Site "Budapest HUN"]
[Date "2024.09.18"]
[Round "7.51"]
[Board "3"]
[White "Gombocz, Zsofia"]
[Black "Karanja, Ether"]
[Result "1-0"]
[WhiteElo "2061"]
[BlackElo "1637"]
[PlyCount "49"]
[EventDate "2024.09.11"]
[WhiteTeam "Hungary C"]
[BlackTeam "Kenya"]
[BlackTeamCountry "KEN"]

1. e4 e6 2. d4 d5 3. Nd2 c5 4. exd5 Qxd5 5. dxc5 Bxc5 6. Ngf3 Qd8 7. Bc4 Nf6 8. Qe2 Nc6 9. O-O O-O 10. Ne4 ({RR} 10. Nb3 Be7 11. Bf4 Qb6 12. a4 a5 13. c3 Bd7 14. Nbd4 Nxd4 15. Nxd4 Bd6 16. Bg5 Nd5 17. Nb5 Bc5 18. Rad1 Rae8 19. Rd3 f6 20. Bc1 Bc6 21. Nd4 Bxd4 22. Rxd4 Bxa4 23. Rh4 g6 24. Bd3 Bc6 {1-0 Kryvoruchko,Y (2628)-Luch,M (2412) POL-chT 1st League 2008 (4)}) 10... Nxe4 11. Qxe4 Qf6 $146 ({RR} 11... h6 12. Bf4 Qe7 13. Ne5 Nd4 14. b4 Bb6 15. Rad1 Rd8 16. c3 Nf5 17. Rxd8+ Bxd8 18. Bd3 f6 19. Nf3 g5 20. g4 gxf4 21. gxf5 e5 22. Bc4+ Kh7 23. Qd5 Qg7+ 24. Kh1 Bxf5 25. Rg1 Bg4 26. h3 {1-0 Chitsazian,D (1594)-Albers,A (1968) Reinstorf op 2022 (2)}) ({RR} 11... h6 12. c3 Bd6 13. Bb3 Qc7 14. Rd1 Rd8 15. Qg4 Kf8 16. Be3 Bd7 17. Qe4 Kg8 18. Bc2 f5 19. Qh4 Be8 20. g4 f4 21. Bd2 e5 22. g5 Be7 23. Be1 Bf7 24. Qh3 Rxd1 25. Rxd1 Rd8 26. Rxd8+ {1-0 Godena,M (2436)-Farrell,N (2095) TCh-EUR Senior +50 2024 (8.2)}) ({RR} 11... h6 12. Bd3 f5 13. Qc4 Bb6 14. Bf4 g5 15. Be3 Bxe3 16. fxe3 Qd5 17. Qc3 Qa5 18. Qxa5 Nxa5 19. Nd4 Nc6 20. Bc4 Nxd4 21. exd4 Kg7 22. Rae1 Kf6 23. Re5 Bd7 24. Rfe1 Rfe8 25. Bb3 b5 26. c3 {0-1 Krzymowski,A (2040)-Moltsanov,I (1891) Nordic School-ch U20 2006}) 12. Bd3 g6 13. Bg5 Qg7 14. Qh4 h5 15. Bf6 Qh6 16. Rad1 Re8 17. Bb5 e5 18. Nxe5 Bf5 19. Nxc6 bxc6 20. Bxc6 Rec8 21. Bxa8 Rxa8 22. Qg5 Qxg5 23. Bxg5 Rb8 24. Bf6 Bf8 25. c4 1-0

[Event "Olympiad Women 2024"]
[Site "Budapest HUN"]
[Date "2024.09.18"]
[Round "7.51"]
[Board "4"]
[White "Ingado, Mercy"]
[Black "Sipos, Stefania"]
[Result "0-1"]
[WhiteElo "1645"]
[BlackElo "1993"]
[PlyCount "82"]
[EventDate "2024.09.11"]
[WhiteTeam "Kenya"]
[BlackTeam "Hungary C"]
[WhiteTeamCountry "KEN"]

1. e4 e5 2. Nf3 Nc6 3. d4 exd4 4. Nxd4 Bc5 5. Be3 Qf6 6. c3 Nge7 7. Qd2 O-O 8. Nb5 Bxe3 9. Qxe3 a6 ({RR} 9... d5 10. Nd2 dxe4 11. Nxe4 Qe5 12. Nc5 Qxe3+ 13. fxe3 a6 14. Nxc7 Ra7 15. O-O-O Nf5 16. Nd5 b6 17. Na4 b5 18. Nc5 Nce7 19. e4 Nxd5 20. Rxd5 Ne3 21. Rd6 f5 22. exf5 Bxf5 23. Nxa6 Nc4 24. Bxc4+ {1-0 Rublevsky,S (2695)-Jakovenko,D (2713) Wch Blitz 7th 2013 (9)}) ({RR} 9... Qe5 10. Nd2 d5 11. Qg3 dxe4 12. Qxe5 Nxe5 13. Nxc7 Rb8 14. Nxe4 Bf5 15. Nd6 Rbd8 16. O-O-O Bg4 17. Rd2 Rd7 18. h3 Rxc7 19. hxg4 Nxg4 20. Be2 Nf6 21. Bf3 b6 22. Re1 Rd8 23. Nb5 Rxd2 24. Kxd2 {1-0 Boros,D (2403)-Tang,D (2165) 1000GM #2 Vegas IMB 2024 (9.2)}) 10. Nxc7 Rb8 11. Bd3 $146 ({RR} 11. Nd5 Nxd5 12. exd5 Ne7 13. Bc4 Nf5 14. Qe2 Qg5 15. O-O Nh4 16. f4 Qf6 17. Nd2 Qb6+ 18. Qf2 Qxb2 19. Ne4 Qxf2+ 20. Rxf2 Nf5 21. Re1 b5 22. Bd3 Nh6 23. Rf3 Bb7 24. Ng5 Bxd5 25. Rh3 Kh8 {0-1 Tar,B (1490)-Sos,B (1689) HUN-ch U10 Celldoemoelk 2011 (7)}) ({RR} 11. Nd2 Qd6 12. Qg3 Ne5 13. Nd5 Nxd5 14. exd5 Qxd5 15. O-O-O Nc6 16. Nc4 Qe6 17. Bd3 d5 18. Ne3 Qh6 19. Kb1 Be6 20. Ka1 b5 21. Bf5 b4 22. Qh3 Qxh3 23. Bxh3 bxc3 24. bxc3 Rfd8 25. Bf5 d4 {½-½ Dizdarevic,B (1962)-Vujasic,T (2096) Belgrade-chT Quality 2011 (5)}) ({RR} 11. Qg3 Ne5 12. Nd2 Qd6 13. Nc4 Qxc7 14. Qxe5 Qxe5 15. Nxe5 d5 16. exd5 Nxd5 17. O-O-O Be6 18. Bc4 Rfd8 19. Rd4 f6 20. Ng4 Nc7 21. Rhd1 Rxd4 22. Rxd4 Bxc4 23. Rxc4 Ne6 24. Ne3 Kf7 25. f4 b5 {½-½ Antol,L (1939)-Kleman,M (2060) SVK-chT2A 9899 1998 (6)}) 11... Qd6 12. Nd5 Nxd5 13. exd5 Qxd5 14. O-O b5 15. Nd2 Bb7 16. Nf3 Rfe8 17. Qd2 Ne5 18. Bxh7+ Kxh7 19. Qxd5 Bxd5 20. Nd4 Nc6 21. Nf5 Re2 22. b3 Be6 23. Ne3 Ne5 24. Rfe1 Rxe1+ 25. Rxe1 Ng4 26. Nxg4 Bxg4 27. f3 Be6 28. Kf2 Rc8 29. Rc1 d5 30. Ke3 b4 31. Kd4 Kg6 32. f4 bxc3 33. Rc2 Bf5 34. Rxc3 Rxc3 35. Kxc3 Bb1 36. a4 Kf5 37. g3 Ke4 38. a5 d4+ 39. Kd2 Kd5 40. Kc1 Bf5 41. Kd2 Kc5 0-1